Mr ledger 2 - Statistiques

Statistiques générales
  • Ce quiz a été pris 3 fois
  • Le résultat moyen est 326 sur 479
Statistiques - réponses
Réponse % Correct
2
100%
a
100%
à
100%
au
100%
B
100%
bébé
100%
c'
100%
ce
100%
c'est
100%
classe
100%
contemple
100%
cramé
100%
d'
100%
de
100%
et
100%
étais
100%
fond
100%
H
100%
heureux
100%
j'
100%
L'
100%
l'
100%
la
100%
m'
100%
ma
100%
mort
100%
on
100%
ost
100%
pas
100%
pensais
100%
peu
100%
t'
100%
t'as
100%
un
100%
20
67%
ai
67%
aimes
67%
allure
67%
ans
67%
argent
67%
as
67%
avais
67%
avant
67%
avec
67%
bains
67%
beaucoup
67%
besoin
67%
beuh
67%
bien
67%
brasse
67%
bus
67%
ca
67%
came
67%
cavu
67%
cinematiques
67%
coeur
67%
combien
67%
compte
67%
content
67%
crois
67%
dedans
67%
des
67%
dirait
67%
dit
67%
dois
67%
donné
67%
du
67%
eaux
67%
ecoutent
67%
ecrire
67%
en
67%
est
67%
eux
67%
faire
67%
fais
67%
fait
67%
fasse
67%
faut
67%
ferme
67%
fin
67%
fois
67%
fume
67%
grandissant
67%
il
67%
ils
67%
j'ai
67%
jaunissent
67%
je
67%
jnoun
67%
jusqu'
67%
juste
67%
laissé
67%
l'ange
67%
le
67%
les
67%
loin
67%
manque
67%
me
67%
m'en
67%
moi
67%
mon
67%
murs
67%
musique
67%
nuit
67%
ou
67%
ouvert
67%
page
67%
papa
67%
passerait
67%
plaie
67%
plait
67%
plus
67%
pour
67%
prison
67%
qu'
67%
quand
67%
que
67%
qui
67%
regarde
67%
rêve
67%
rever
67%
sang
67%
saut
67%
si
67%
s'il
67%
soi
67%
suis
67%
te
67%
temps
67%
tendu
67%
tete
67%
tête
67%
toi
67%
toit
67%
tout
67%
tu
67%
une
67%
veut
67%
vie
67%
vital
67%
vois
67%
voulais
67%
vu
67%
y'
67%
y
67%
36
33%
abattre
33%
allées
33%
astuce
33%
attend
33%
attends
33%
baby
33%
back
33%
belphégor
33%
bloqué
33%
bon
33%
boulette
33%
boulevard
33%
bout
33%
bozo
33%
chasser
33%
chat
33%
choses
33%
comme
33%
connait
33%
crawl
33%
dans
33%
degaine
33%
deja
33%
dis
33%
encore
33%
ER
33%
espoir
33%
étaient
33%
facon
33%
faim
33%
fallait
33%
force
33%
fort
33%
goofy
33%
haine
33%
happer
33%
histoire
33%
jours
33%
laisserai
33%
leur
33%
long
33%
mangé
33%
même
33%
mes
33%
miens
33%
moitié
33%
monde
33%
monter
33%
nasty
33%
nikito
33%
noir
33%
oigts-d
33%
ont
33%
opposants
33%
paix
33%
paraitre
33%
pleins
33%
poto
33%
prends
33%
putain
33%
quoi
33%
regarder
33%
résaux
33%
romantise
33%
sachant
33%
sans
33%
scénars
33%
se
33%
semaine
33%
senti
33%
seuls
33%
soir
33%
son
33%
sont
33%
sur
33%
tous
33%
trop
33%
troubles
33%
truc
33%
tué
33%
tueras
33%
vais
33%
van
33%
vider
33%
voir
33%
vortex
33%
y'a
33%
Zakaiev
33%
bulles
0%
cage
0%
cheu
0%
montblanc
0%
phase
0%
prendre
0%
suivre
0%
terre
0%
vent
0%
wav
0%
Aucun quiz correspondant
Distribution des résultats
% des personnes avec chaque résultat
Percentile par nombre de réponses
Votre historique - résultats
Vous n’avez pas pris ce quiz